| 000 | 00546nam a2200157Ia 4500 | ||
|---|---|---|---|
| 008 | 170221s9999 xx 000 0 und d | ||
| 100 | _aWang, Liping. | ||
| 245 | _aDeblocking Scheme for JPEG-Coded Images Using Sparse Representation and All Phase Biorthogonal Transform | ||
| 245 | _cLiping Wang, Chengyou Wang, and Xiao Zhou. | ||
| 260 | _bJournal of Communications | ||
| 260 | _c2015 | ||
| 300 | _aXIII : 1 | ||
| 650 | _xCommunication | ||
| 650 | _xMedia Arts | ||
| 856 | _uhttp://www.jocm.us/index.php?m=content&c=index&a=lists&catid=169 | ||
| 999 |
_c308685 _d308685 |
||